[Event "Politiken Cup"]
[Site "Espergaerde"]
[Date "1992.??.??"]
[Round "1"]
[White "Danielsen, Henrik"]
[Black "Fries Nielsen, Niels Jorgen"]
[Result "1/2-1/2"]
[WhiteElo "2415"]
[BlackElo "2390"]

1. Nf3 Nf6 2. c4 e6 3. g3 d5 4. b3 d4 5. Bg2 Nc6 6. O-O e5 7. d3 Be7
8. b4 Nxb4 9. Nxe5 O-O 10. Nd2 Bd6 11. a3 Na6 12. Nef3 c5 13. Rb1 Re8
14. Ng5 h6 15. Nge4 Nxe4 16. Nxe4 Bf8 17. f4 Nb8 18. f5 Nc6 19. g4 f6
20. Qe1 Ne5 21. Qh4 Nf7 22. Qh5 Rb8 23. Bf4 Re5 24. Bxe5 Nxe5 25. Nf2
b6 26. Bd5+ Kh8 27. Nh3 g6 28. Qh4 g5 29. Qh5 Rb7 30. Bxb7 Bxb7 31. Nf2
Bc6 32. Qh3 Qa8 33. Rfe1 Kg7 34. e4 Bd6 35. Re2 Ba4 36. Qg2 Nf7 37. e5
Qxg2+ 38. Kxg2 Nxe5 39. h3 Bc6+ 40. Kf1 Bb8 41. a4 Bxa4 42. Ra2 Bc6
43. Rab2 Bf3 44. Rb3 Nc6 45. Ra1 1/2-1/2

[Event "Politiken Cup"]
[Site "Espergaerde"]
[Date "1992.??.??"]
[Round "1"]
[White "Berg, Klaus"]
[Black "Conquest, Stuart"]
[Result "0-1"]
[WhiteElo "2405"]
[BlackElo "2495"]

1. d4 Nf6 2. Nf3 c5 3. e3 g6 4. Bd3 Bg7 5. O-O d6 6. c3 Nc6 7. h3 O-O
8. Re1 e5 9. dxe5 dxe5 10. e4 Nh5 11. Na3 Qe7 12. Nc4 Rd8 13. Qe2 b5
14. Na3 a6 15. Nb1 h6 16. Be3 Be6 17. Qc2 Rac8 18. a4 Nd4 19. cxd4 cxd4
20. Qe2 dxe3 21. Qxe3 Nf4 22. Bf1 b4 23. Bxa6 Rc2 24. b3 Qf6 25. Bf1
Bf8 26. Rc1 Bc5 27. Qxc5 Rxc5 28. Rxc5 Rd1 29. Rc2 Nxg2 30. Kxg2 Bxh3+
31. Kxh3 Qxf3+ 32. Kh2 Rxf1 33. Nd2 Rxf2+ 0-1

[Event "Politiken Cup"]
[Site "Espergaerde"]
[Date "1992.??.??"]
[Round "1"]
[White "Sahl, Bjarke"]
[Black "Borge, Nikolaj"]
[Result "1/2-1/2"]
[WhiteElo "2370"]
[BlackElo "2425"]

1. e4 c5 2. Nf3 Nc6 3. Bb5 g6 4. O-O Bg7 5. Re1 e5 6. Bxc6 dxc6 7. d3
Be6 8. Be3 Qd6 9. Nbd2 Nf6 10. a4 O-O 11. b3 h6 12. h3 Kh7 13. Nc4 Bxc4
14. bxc4 Nd7 15. Nd2 Qe7 16. g4 Bf6 17. Kg2 Bg5 18. Qe2 Kg7 19. Reb1
Rab8 20. Nf3 Rh8 21. Nxg5 hxg5 22. Qd2 f6 23. Qa5 Qd6 24. Rb3 a6 25.
Rab1 b6 26. Qd2 Rb7 27. f3 Rhb8 28. Qf2 a5 29. Rh1 Rh8 30. Rh2 Rbb8
31. Rb1 Rh7 32. Rbh1 Rbh8 33. Qd2 Nf8 34. Qe1 1/2-1/2

[Event "Politiken Cup"]
[Site "Espergaerde"]
[Date "1992.??.??"]
[Round "1"]
[White "Malaniuk, Vladimir"]
[Black "Hector, Jonny"]
[Result "0-1"]
[WhiteElo "2540"]
[BlackElo "2535"]

1. d4 d5 2. c4 c6 3. Nf3 Nf6 4. e3 Bf5 5. cxd5 cxd5 6. Qb3 Qc7 7. Nc3
e6 8. Bd2 Nc6 9. Rc1 a6 10. Ne5 Bd6 11. Nxc6 bxc6 12. Bxa6 Rxa6 13. Nb5
Qb8 14. Nxd6+ Qxd6 15. Qb7 Bd3 16. Qc8+ Qd8 17. Rxc6 O-O 18. Qxd8 Rxd8
19. Rxa6 Bxa6 20. f3 Rc8 21. Bc3 Bc4 22. a3 Nd7 23. Kd2 Bb3 24. Kd3 Nb6
25. g4 Na4 26. g5 Nxc3 27. bxc3 Bc4+ 28. Kc2 Be2 29. Rb1 Bxf3 30. Rb7
Ra8 31. a4 h6 32. gxh6 gxh6 0-1

[Event "Politiken Cup"]
[Site "Espergaerde"]
[Date "1992.??.??"]
[Round "1"]
[White "Rashkovsky, Nukhim"]
[Black "Hansen, Lars Bo"]
[Result "1/2-1/2"]
[WhiteElo "2530"]
[BlackElo "2530"]

1. d4 d5 2. Nf3 c6 3. c4 Nf6 4. e3 Bf5 5. cxd5 cxd5 6. Qb3 Qc7 7. Nc3
e6 8. Bd2 Nc6 9. Rc1 a6 10. Ne5 Bd6 11. f4 O-O 12. Be2 Qe7 13. O-O Bxe5
14. fxe5 Ne4 15. Nxe4 Bxe4 16. Bf3 Bg6 17. Qb6 Rac8 18. a3 Rb8 19. Rc3
f6 20. exf6 Qxf6 21. Be1 Qe7 22. Bg3 Rbc8 23. Qc5 Qe8 24. Be2 Rxf1+
25. Bxf1 Be4 26. Be2 Qg6 27. Qb6 Rf8 28. Qxb7 Bxg2 29. Kxg2 Qe4+ 30.
Kg1 Qb1+ 31. Kg2 Qe4+ 32. Kg1 Qb1+ 33. Kg2 1/2-1/2

[Event "Politiken Cup"]
[Site "Espergaerde"]
[Date "1992.??.??"]
[Round "2"]
[White "Conquest, Stuart"]
[Black "Malaniuk, Vladimir"]
[Result "0-1"]
[WhiteElo "2495"]
[BlackElo "2540"]

1. d4 f5 2. e4 fxe4 3. Nc3 Nf6 4. g4 h6 5. f3 d5 6. Bg2 c5 7. fxe4 cxd4
8. Nxd5 Nc6 9. Nh3 e6 10. O-O exd5 11. exd5 Nxd5 12. Qd3 Nce7 13. Nf4
Nxf4 14. Bxf4 Qb6 15. a4 Qg6 16. Be4 Qxg4+ 17. Bg3 Bd7 18. Bxb7 Rb8
19. Bf3 Qg5 20. Rae1 Kd8 21. Kh1 Rb6 22. Re5 Nf5 23. Rd5 Bd6 24. Bxd6
Rxd6 25. Rxd6 Nxd6 26. Qxd4 Qf6 27. Qxa7 Nc8 28. Qa5+ Qb6 29. Qe5 Rf8
30. Qxg7 Qf6 31. Qxf6+ Rxf6 32. b3 Kc7 33. Kg1 Bh3 34. Rf2 Re6 35. Be2
Rg6+ 36. Kh1 Nd6 37. Bd3 Rg7 38. c4 Bc8 39. h4 Rg4 40. c5 0-1

[Event "Politiken Cup"]
[Site "Espergaerde"]
[Date "1992.??.??"]
[Round "2"]
[White "Danielsen, Henrik"]
[Black "Berg, Klaus"]
[Result "1/2-1/2"]
[WhiteElo "2415"]
[BlackElo "2405"]

1. Nf3 Nf6 2. g3 d5 3. Bg2 c6 4. d3 Bg4 5. h3 Bh5 6. g4 Bg6 7. Nh4 e5
8. e3 Bb4+ 9. Nd2 Na6 10. Qe2 Nd7 11. Nxg6 hxg6 12. a3 Bd6 13. c4 Nc7
14. b3 Qe7 15. Bb2 a5 16. Qf3 Nc5 17. Qe2 O-O 18. O-O Rfd8 19. cxd5
cxd5 20. Rfd1 Rac8 21. d4 exd4 22. Bxd4 N7e6 23. Bb2 Nf4 24. Qf1 Nxg2
25. Kxg2 Ne4 26. Qd3 1/2-1/2

[Event "Politiken Cup"]
[Site "Espergaerde"]
[Date "1992.??.??"]
[Round "2"]
[White "Hector, Jonny"]
[Black "Rashkovsky, Nukhim"]
[Result "1/2-1/2"]
[WhiteElo "2535"]
[BlackElo "2530"]

1. e4 c5 2. Nf3 d6 3. d4 cxd4 4. Nxd4 Nf6 5. Nc3 a6 6. Bg5 e6 7. f4 Qc7
8. Qf3 b5 9. f5 b4 10. Ncb5 axb5 11. Bxb5+ Bd7 12. fxe6 Bxb5 13. Nxb5
Qc5 14. Bxf6 Qxb5 15. Bxg7 Bxg7 16. Qxf7+ Kd8 17. Qxg7 Re8 18. Rf1 b3
19. cxb3 Qa5+ 20. Kd1 Qh5+ 21. g4 Qb5 22. Rf3 Rxe6 23. Rf8+ Re8 24.
Qf6+ Kc7 25. Rf7+ Kb6 26. Qxd6+ Nc6 27. Rf5 Rad8 28. Rxb5+ Kxb5 29.
Qxd8 Rxd8+ 30. Ke2 Nd4+ 31. Kf2 Rf8+ 32. Kg3 Rf3+ 33. Kh4 Ne6 34. Rc1
Rf2 35. a4+ Kb6 36. h3 Rxb2 37. Rc3 Nc5 38. Kh5 Nxe4 39. Rf3 Rd2 40. g5
Rd5 41. h4 Rd7 42. b4 Kc6 43. Kh6 Nd6 44. g6 hxg6 45. Kxg6 Rd8 46. Kh7
Ra8 47. a5 Kb5 48. Rf6 Nc4 49. h5 Kxb4 50. a6 Kc5 51. h6 1/2-1/2

[Event "Politiken Cup"]
[Site "Espergaerde"]
[Date "1992.??.??"]
[Round "2"]
[White "Hansen, Lars Bo"]
[Black "Sahl, Bjarke"]
[Result "1-0"]
[WhiteElo "2530"]
[BlackElo "2370"]

1. d4 d5 2. c4 c6 3. Nc3 Nf6 4. e3 e6 5. Nf3 Nbd7 6. Bd3 dxc4 7. Bxc4
b5 8. Be2 Bb7 9. O-O b4 10. Na4 Be7 11. Qc2 O-O 12. Rd1 Rc8 13. a3 a5
14. axb4 Bxb4 15. Nc5 Nxc5 16. dxc5 Qe7 17. Bd2 Bxc5 18. Bxa5 Bd6 19.
e4 Ng4 20. Bc3 Bb8 21. h3 Nf6 22. Bxf6 gxf6 23. Ba6 Bxa6 24. Rxa6 Rfd8
25. Rxd8+ Qxd8 26. Ra3 c5 27. Rc3 Qa5 28. Rc4 Bd6 29. e5 Bxe5 30. Rg4+
Kf8 31. Nxe5 fxe5 32. Qxh7 Ke7 33. Qh4+ Kd6 34. b4 cxb4 35. Rxb4 Rc1+
36. Kh2 Qc7 37. Rb5 Rc4 38. Qg3 Rc5 39. Qa3 Kd5 40. Rxc5+ Qxc5 41.
Qxc5+ Kxc5 42. Kg3 f5 43. Kh4 Kd4 44. Kg5 Kd3 45. h4 Ke2 46. h5 Kxf2
47. h6 e4 48. h7 e3 49. h8=Q e2 50. Qd4+ Kxg2 51. Qe3 1-0

[Event "Politiken Cup"]
[Site "Espergaerde"]
[Date "1992.??.??"]
[Round "3"]
[White "Borge, Nikolaj"]
[Black "Hansen, Lars Bo"]
[Result "0-1"]
[WhiteElo "2425"]
[BlackElo "2530"]

1. e4 c6 2. d4 d5 3. e5 c5 4. dxc5 Nc6 5. Bb5 e6 6. b4 Bd7 7. Bxc6 Bxc6
8. Nf3 a5 9. c3 axb4 10. cxb4 b6 11. O-O bxc5 12. bxc5 Bxc5 13. Nd4 Ne7
14. Be3 Bxd4 15. Bxd4 O-O 16. Nd2 Ra4 17. Nf3 Qa5 18. Qb3 Nf5 19. Bb6
Qa8 20. Rfb1 Rc8 21. Rb2 h6 22. Rc1 Rb8 23. Qd3 Ra6 24. g4 Ne7 25. Rcb1
Rxa2 26. Bd4 Raxb2 27. Rxb2 Rxb2 28. Bxb2 Ng6 29. Bd4 Qa4 30. Qd2 Bb5
31. Kg2 Be2 32. Kg3 Bxf3 33. Kxf3 Nxe5+ 0-1

[Event "Politiken Cup"]
[Site "Espergaerde"]
[Date "1992.??.??"]
[Round "3"]
[White "Malaniuk, Vladimir"]
[Black "Danielsen, Henrik"]
[Result "1-0"]
[WhiteElo "2540"]
[BlackElo "2415"]

1. d4 Nf6 2. Nf3 e6 3. e3 b6 4. Bd3 Bb7 5. O-O Be7 6. c4 O-O 7. Nc3 d5
8. cxd5 exd5 9. b3 Nbd7 10. Bb2 Ne4 11. Ne2 Bd6 12. Ng3 Qf6 13. Rc1 a6
14. Qc2 Nxg3 15. hxg3 Qh6 16. g4 Rfe8 17. g3 Nf8 18. Kg2 Qe6 19. Ng5
Qxg4 20. Bxh7+ Nxh7 21. Qxh7+ Kf8 22. Rxc7 1-0

[Event "Politiken Cup"]
[Site "Espergaerde"]
[Date "1992.??.??"]
[Round "3"]
[White "Sahl, Bjarke"]
[Black "Hector, Jonny"]
[Result "1/2-1/2"]
[WhiteElo "2370"]
[BlackElo "2535"]

1. e4 e5 2. Nf3 Nc6 3. Bb5 Bb4 4. O-O Nge7 5. a3 Ba5 6. c4 Bb6 7. b4
Bd4 8. Ra2 O-O 9. Ba4 a6 10. b5 axb5 11. cxb5 Na5 12. Nxd4 exd4 13. d3
c5 14. Re2 d5 15. Bc2 dxe4 16. Rxe4 Nd5 17. Rfe1 b6 18. a4 Bf5 19. Re5
Qd7 20. Qf3 Nb4 21. Rxf5 Nxc2 22. Re4 Nb3 23. Bh6 f6 24. Bxg7 Kxg7 25.
Rd5 Qf7 26. Qf5 Ra7 27. h3 Kh8 28. Rd6 Re7 29. Rxb6 Rxe4 30. Qxe4 Re8
31. Qf4 Rf8 32. Qf3 Nb4 33. Na3 Qg6 34. Nc4 Nxd3 35. a5 Ne1 36. Qd5 Rg8
37. a6 Nxg2 38. Ne5 Qb1+ 39. Kh2 Nf4 40. Nf7+ Kg7 41. Qb7 Nd2 42. Ne5+
Kh6 43. Rxf6+ Kg5 44. Qc6 Nf1+ 45. Kh1 Nd2+ 46. Kh2 1/2-1/2

[Event "Politiken Cup"]
[Site "Espergaerde"]
[Date "1992.??.??"]
[Round "3"]
[White "Berg, Klaus"]
[Black "Fries Nielsen, Niels Jorgen"]
[Result "1/2-1/2"]
[WhiteElo "2405"]
[BlackElo "2390"]

1. d4 Nf6 2. Nf3 d5 3. c4 c6 4. cxd5 cxd5 5. Nc3 Nc6 6. Bf4 Nh5 7. Bd2
e6 8. e3 Bd6 9. Bd3 f5 10. Ne5 g6 11. Nxc6 bxc6 12. Rc1 O-O 13. Na4 f4
14. e4 Qh4 15. e5 f3 16. gxf3 Be7 17. Be3 Bb4+ 18. Nc3 c5 19. Bf1 c4
20. Qd2 Rf5 21. h3 Bd7 22. Rg1 Qe7 23. Be2 Raf8 24. Rg4 Qf7 25. Bh6 Rb8
26. Kf1 Bf8 27. Be3 Bg7 28. Kg2 Rf8 29. Bd1 Qe7 30. b3 cxb3 31. axb3
R8f7 32. Ra1 Be8 33. Ra6 Bf8 1/2-1/2

[Event "Politiken Cup"]
[Site "Espergaerde"]
[Date "1992.??.??"]
[Round "3"]
[White "Rashkovsky, Nukhim"]
[Black "Conquest, Stuart"]
[Result "0-1"]
[WhiteElo "2530"]
[BlackElo "2495"]

1. d4 g6 2. g3 Bg7 3. Bg2 c5 4. d5 d6 5. h4 Nf6 6. Nh3 Nbd7 7. Nf4 h6
8. a4 Ne5 9. Nd3 Nxd3+ 10. cxd3 b6 11. Nc3 a6 12. O-O Rb8 13. Rb1 e6
14. dxe6 Bxe6 15. d4 Qd7 16. Bf4 g5 17. hxg5 hxg5 18. Bxg5 Bh3 19. Bf3
Bxf1 20. Bxf6 Bxf6 21. Nd5 Bxd4 22. Kxf1 Kf8 23. e3 Be5 24. Bg2 b5 25.
a5 c4 26. f4 Bg7 27. Nb4 Re8 28. Qf3 Qf5 29. e4 Qc5 30. Nd5 b4 31. f5
Bd4 32. Nb6 Qb5 33. Qe2 Bxb6 34. axb6 d5 35. Rd1 dxe4 36. g4 c3 37.
bxc3 bxc3 0-1

[Event "Politiken Cup"]
[Site "Espergaerde"]
[Date "1992.??.??"]
[Round "4"]
[White "Berg, Klaus"]
[Black "Malaniuk, Vladimir"]
[Result "0-1"]
[WhiteElo "2405"]
[BlackElo "2540"]

1. d4 f5 2. Nf3 Nf6 3. Bg5 e6 4. Nbd2 Be7 5. e3 b6 6. Bd3 Bb7 7. O-O
O-O 8. c4 c5 9. Qe2 Ne4 10. Bxe7 Qxe7 11. Rad1 d6 12. Ne1 Nd7 13. Nc2
Rad8 14. f3 Nxd2 15. Qxd2 e5 16. f4 g6 17. d5 Qg7 18. Qc3 Rde8 19. Rd2
Re7 20. g3 Rfe8 21. Rg2 exf4 22. Qxg7+ Kxg7 23. exf4 b5 24. cxb5 Nb6
25. b3 Nxd5 26. Rd2 Nc3 27. b4 Bd5 28. bxc5 dxc5 29. Na3 Bf7 30. Nc4
Rd8 31. Ne5 c4 32. Rc2 Rxe5 33. fxe5 Rxd3 34. a4 Ne4 35. a5 Rb3 36. Rd1
Be6 37. b6 axb6 38. axb6 Rxb6 39. Rd4 Rc6 40. g4 Ng5 0-1

[Event "Politiken Cup"]
[Site "Espergaerde"]
[Date "1992.??.??"]
[Round "4"]
[White "Danielsen, Henrik"]
[Black "Rashkovsky, Nukhim"]
[Result "0-1"]
[WhiteElo "2415"]
[BlackElo "2530"]

1. d4 Nf6 2. Nf3 e6 3. c4 Bb4+ 4. Bd2 Bxd2+ 5. Qxd2 O-O 6. Nc3 d5 7. e3
Qe7 8. Rc1 Rd8 9. Qc2 c5 10. cxd5 exd5 11. Be2 c4 12. b3 cxb3 13. Qxb3
Nc6 14. O-O Bf5 15. Nd2 Rac8 16. Rfd1 Nb4 17. Ndb1 h5 18. a3 Nc6 19.
Nd2 g6 20. Re1 Kg7 21. Bf3 Be6 22. Na4 b6 23. Nb2 Rc7 24. Nd3 Rdc8 25.
Qb2 Na5 26. Nb4 Qd6 27. g3 h4 28. Bg2 Bf5 29. Na6 Rc2 30. Rxc2 Rxc2
31. Qb4 Qxb4 32. axb4 Rxd2 33. bxa5 bxa5 34. gxh4 a4 35. Ra1 Bc2 36.
Nc5 Rd1+ 37. Rxd1 Bxd1 38. Nd3 a3 39. Nc1 Ne4 40. Bxe4 dxe4 41. Kf1 Bg4
42. Nb3 Be6 43. Na1 Kh6 44. Ke2 Kh5 45. Kd2 Kxh4 46. Kc3 Kh3 47. Kb4 a2
48. Kc5 Kxh2 0-1

[Event "Politiken Cup"]
[Site "Espergaerde"]
[Date "1992.??.??"]
[Round "4"]
[White "Fries Nielsen, Niels Jorgen"]
[Black "Hansen, Lars Bo"]
[Result "1/2-1/2"]
[WhiteElo "2390"]
[BlackElo "2530"]

1. d4 d5 2. Nf3 c6 3. c3 Bf5 4. Bf4 e6 5. e3 Nd7 6. Nbd2 h6 7. h3 Ngf6
8. Qb3 Qb6 9. Ne5 Nxe5 10. Bxe5 Nd7 11. Bh2 Be7 12. Be2 Bg6 13. a4 O-O
14. O-O Rac8 15. Rfc1 Rfd8 16. Qxb6 Nxb6 17. a5 Na8 18. b4 Bd6 19. Bxd6
Rxd6 20. c4 1/2-1/2

[Event "Politiken Cup"]
[Site "Espergaerde"]
[Date "1992.??.??"]
[Round "4"]
[White "Hector, Jonny"]
[Black "Borge, Nikolaj"]
[Result "1-0"]
[WhiteElo "2535"]
[BlackElo "2425"]

1. e4 c5 2. Nc3 Nc6 3. Nf3 g6 4. d4 cxd4 5. Nxd4 Bg7 6. Be3 Nf6 7. Bc4
O-O 8. Bb3 d6 9. h3 Nxd4 10. Bxd4 b5 11. O-O Bb7 12. Qd3 a5 13. a3 Ba6
14. Nxb5 Nxe4 15. Bxg7 Kxg7 16. Qxe4 Bxb5 17. Rfe1 e6 18. c4 Ba6 19.
Rad1 Qb6 20. Re3 Rac8 21. Rc3 Rfd8 22. Rd2 Rc5 23. Qd4+ e5 24. Qh4 Bc8
25. Ba4 Bf5 26. Bb5 e4 27. b4 axb4 28. axb4 Re5 29. Qf4 f6 30. Ra3 d5
31. Ra6 Qb8 32. Qe3 Re7 33. Qc5 Rc7 34. Qd4 Rf7 35. Rb6 Qc7 36. c5 Qf4
37. Ra2 Qg5 38. Qe3 Qh5 39. Rd6 Rxd6 40. cxd6 Qd1+ 41. Kh2 d4 42. Qa3
e3 43. Bc4 exf2 44. Rxf2 Qe1 45. Re2 Qf1 46. Qg3 Be6 47. Bd3 Bf5 48.
Re4 Qd1 49. Rxd4 Ra7 50. Qe3 Bxd3 51. d7 1-0

[Event "Politiken Cup"]
[Site "Espergaerde"]
[Date "1992.??.??"]
[Round "4"]
[White "Conquest, Stuart"]
[Black "Sahl, Bjarke"]
[Result "1-0"]
[WhiteElo "2495"]
[BlackElo "2370"]

1. e4 e5 2. Bc4 Nc6 3. Nc3 Bc5 4. Qg4 g6 5. Qg3 d6 6. Nge2 Nf6 7. d3
Nh5 8. Qf3 Be6 9. Nd5 Bxd5 10. exd5 Ne7 11. Bb5+ Kf8 12. c3 h6 13. g4
Ng7 14. Ng3 Bb6 15. h4 c6 16. dxc6 bxc6 17. Bxc6 Nxc6 18. Qxc6 d5 19.
Be3 Rc8 20. Bxb6 axb6 21. Qb5 Ne6 22. Kf1 Kg7 23. Re1 Rc5 24. Qb3 Qc7
25. Qd1 Rd8 26. h5 e4 27. hxg6 fxg6 28. dxe4 d4 29. Nf5+ gxf5 30. gxf5
Nf4 31. Qg4+ Kh7 32. Qg5 Qg7 33. Qxf4 Rg8 34. Rd1 d3 35. Qf3 Rb5 36. f6
Qg6 37. b4 Rf8 38. Qxd3 Re5 39. Qd6 Rxe4 40. Qxf8 1-0

[Event "Politiken Cup"]
[Site "Espergaerde"]
[Date "1992.??.??"]
[Round "5"]
[White "Sahl, Bjarke"]
[Black "Danielsen, Henrik"]
[Result "1-0"]
[WhiteElo "2370"]
[BlackElo "2415"]

1. e4 Nf6 2. e5 Nd5 3. d4 d6 4. Nf3 Bg4 5. Be2 e6 6. O-O Be7 7. h3 Bh5
8. c4 Nb6 9. exd6 cxd6 10. Nc3 O-O 11. Be3 d5 12. c5 Bxf3 13. Bxf3 Nc4
14. Bf4 Nc6 15. b3 N4a5 16. Rc1 b6 17. Na4 Bf6 18. Be3 Rb8 19. Be2 b5
20. Nc3 b4 21. Nb1 e5 22. dxe5 Bxe5 23. Bd3 Qf6 24. Bc2 Kh8 25. Qd3 g6
26. Rcd1 Bc3 27. Nxc3 bxc3 28. Qa6 d4 29. Bc1 Rfe8 30. Ba3 Qd8 31. Rfe1
Rxe1+ 32. Rxe1 Rb7 33. Qd3 Qb8 34. Re4 Rd7 35. Qe2 Rd8 36. Bd3 Kg7 37.
Bc1 Nb4 38. Bf4 Qc8 39. Be5+ Kg8 40. Bf6 Rf8 41. Bxd4 1-0

[Event "Politiken Cup"]
[Site "Espergaerde"]
[Date "1992.??.??"]
[Round "5"]
[White "Rashkovsky, Nukhim"]
[Black "Berg, Klaus"]
[Result "1-0"]
[WhiteElo "2530"]
[BlackElo "2405"]

1. d4 Nf6 2. Nf3 g6 3. g3 c5 4. Bg2 Bg7 5. O-O O-O 6. dxc5 Na6 7. Be3
Qc7 8. Nc3 Nxc5 9. Nb5 Qb6 10. c4 a5 11. a3 a4 12. Nc3 Qxb2 13. Bxc5
Qxc3 14. Rc1 Qb3 15. Bxe7 Re8 16. Bb4 Qxd1 17. Rfxd1 Rxe2 18. Nd4 Rb2
19. Nb5 Rxb4 20. axb4 Ne8 21. Re1 Kf8 22. Rc2 d5 23. Rxe8+ Kxe8 24.
Nc7+ Kd8 25. Nxa8 dxc4 26. Nb6 1-0

[Event "Politiken Cup"]
[Site "Espergaerde"]
[Date "1992.??.??"]
[Round "5"]
[White "Hansen, Lars Bo"]
[Black "Hector, Jonny"]
[Result "1/2-1/2"]
[WhiteElo "2530"]
[BlackElo "2535"]

1. d4 d5 2. c4 c6 3. e3 Nf6 4. Nc3 e6 5. Bd3 Nbd7 6. Nf3 dxc4 7. Bxc4
b5 8. Be2 Bb7 9. O-O b4 10. Na4 Be7 11. Qc2 O-O 12. Rd1 c5 13. Nxc5
Nxc5 14. dxc5 Qc7 15. a3 a5 16. axb4 axb4 17. Rxa8 Rxa8 18. Bd2 Qxc5
1/2-1/2

[Event "Politiken Cup"]
[Site "Espergaerde"]
[Date "1992.??.??"]
[Round "5"]
[White "Borge, Nikolaj"]
[Black "Conquest, Stuart"]
[Result "1-0"]
[WhiteElo "2425"]
[BlackElo "2495"]

1. e4 c5 2. Nf3 e6 3. c3 b6 4. d4 Bb7 5. Bd3 Nf6 6. Nbd2 Nc6 7. a3 d5
8. e5 c4 9. Bc2 Nd7 10. Nf1 h6 11. Ng3 b5 12. O-O Nb6 13. Nh5 a5 14.
Ne1 Kd7 15. Qg4 g6 16. Nf4 Ne7 17. b3 Kc7 18. Rb1 Qd7 19. Nf3 Qc6 20.
Nd2 Nf5 21. bxc4 bxc4 22. Re1 Be7 23. Nf1 Ba6 24. Ng3 Rag8 25. Qf3 Nh4
26. Qd1 Rb8 27. Nh3 Qd7 28. f3 Bb5 29. Nf2 h5 30. Nh3 Nf5 31. Nxf5 gxf5
32. Ng5 Rbf8 33. h4 Ba4 34. Re2 Bxc2 35. Qxc2 Na4 36. g3 Rhg8 37. Kh2
Rg7 38. Nh3 Ra8 39. Rg2 Rgg8 40. Rg1 Rab8 41. Bd2 Bxa3 42. Nf4 Rh8 43.
Nxh5 Rxb1 44. Rxb1 Rxh5 45. Ra1 f4 46. Rxa3 fxg3+ 47. Kg1 Nc5 48. Bg5
Qb5 49. Kg2 Nb3 50. Ra2 Rh8 51. Bf6 Rh5 52. Qb2 Qd7 53. Qa3 Rf5 54. Qf8
Kb7 55. Bg5 Ka7 56. Kxg3 Qb7 57. Kg4 Qb5 58. Qd8 Qb7 59. Qe7 1-0

[Event "Politiken Cup"]
[Site "Espergaerde"]
[Date "1992.??.??"]
[Round "6"]
[White "Danielsen, Henrik"]
[Black "Borge, Nikolaj"]
[Result "1-0"]
[WhiteElo "2415"]
[BlackElo "2425"]

1. d4 f5 2. Nf3 Nf6 3. g3 g6 4. Bg2 Bg7 5. O-O O-O 6. b3 d6 7. Bb2 Qe8
8. c4 Nc6 9. d5 Nd8 10. Nc3 Bd7 11. Nd4 c5 12. Nc2 g5 13. e3 f4 14.
exf4 gxf4 15. Ne2 Bh6 16. Nxf4 Bxf4 17. gxf4 Qh5 18. Ne3 Qh4 19. f5 Nf7
20. Kh1 Nh6 21. Qf3 Nh5 22. Bh3 Kf7 23. Ng2 1-0

[Event "Politiken Cup"]
[Site "Espergaerde"]
[Date "1992.??.??"]
[Round "6"]
[White "Berg, Klaus"]
[Black "Sahl, Bjarke"]
[Result "0-1"]
[WhiteElo "2405"]
[BlackElo "2370"]

1. e4 e5 2. Nf3 Nc6 3. Nc3 Bc5 4. Nxe5 Bxf2+ 5. Kxf2 Nxe5 6. d4 Ng6 7.
g3 d6 8. h4 h6 9. Kg2 Nf6 10. h5 Nf8 11. Qe2 Bd7 12. e5 dxe5 13. Qxe5+
Be6 14. Bf4 c6 15. Re1 g5 16. d5 cxd5 17. Bb5+ Ke7 18. Be3 Qd6 19.
Qxd6+ Kxd6 20. Bd4 N8d7 21. Rhf1 Ne4 22. Nxe4+ dxe4 23. Rd1 Ke7 24.
Bxd7 Bxd7 25. Bxh8 Rxh8 26. Rxf7+ Kxf7 27. Rxd7+ Ke6 28. Rxb7 Kf5 29.
Kf2 Rc8 30. c3 Rd8 31. Rxa7 Rd2+ 32. Ke3 Rd3+ 33. Ke2 Rxg3 34. Rf7+ Ke5
35. a4 g4 36. a5 Rg2+ 37. Rf2 Rg1 38. Ke3 g3 39. Re2 Rd1 40. Rg2 Rd3+
41. Ke2 Kf4 42. Rg1 Rf3 43. Rf1 g2 44. Rg1 Kg3 45. b4 Kh2 46. Rxg2+
Kxg2 47. c4 Kg3 48. b5 Ra3 49. b6 Rxa5 50. Ke3 Ra4 51. c5 Rb4 52. Kd2
Rb5 0-1

[Event "Politiken Cup"]
[Site "Espergaerde"]
[Date "1992.??.??"]
[Round "6"]
[White "Malaniuk, Vladimir"]
[Black "Rashkovsky, Nukhim"]
[Result "1-0"]
[WhiteElo "2540"]
[BlackElo "2530"]

1. d4 Nf6 2. c4 e6 3. Nc3 Bb4 4. f3 Nc6 5. e4 d6 6. Nge2 e5 7. d5 Bxc3+
8. Nxc3 Ne7 9. Be3 O-O 10. Qd2 a5 11. g4 Nd7 12. Ne2 Nc5 13. Ng3 Ng6
14. Be2 Bd7 15. h4 Nxh4 16. Rh2 Ng6 17. O-O-O Re8 18. Rdh1 Nf8 19. Nh5
f6 20. Nxg7 Re7 21. Nf5 Bxf5 22. gxf5 Qd7 23. Bh6 Qa4 24. Kb1 Kf7 25.
Rg1 Qb4 26. f4 Ke8 1-0

[Event "Politiken Cup"]
[Site "Espergaerde"]
[Date "1992.??.??"]
[Round "6"]
[White "Conquest, Stuart"]
[Black "Hansen, Lars Bo"]
[Result "0-1"]
[WhiteElo "2495"]
[BlackElo "2530"]

1. g3 d5 2. Bg2 c6 3. Nf3 Bg4 4. b3 Nd7 5. Bb2 Ngf6 6. d3 e6 7. Nbd2
Be7 8. e4 O-O 9. h3 Bxf3 10. Qxf3 dxe4 11. dxe4 Bb4 12. Rd1 Qa5 13. a3
Bxd2+ 14. Rxd2 Rfd8 15. b4 Qb6 16. Qd1 e5 17. g4 c5 18. g5 Ne8 19. h4
cxb4 20. Rh3 bxa3 21. Bxa3 Qa5 22. Kf1 Nc5 23. Rd5 Ne6 24. Be7 Qa6+
25. Kg1 Rxd5 26. exd5 Nf4 27. Ra3 Qb5 28. d6 Qd7 29. Bf1 Nc7 30. Rxa7
Rxa7 31. dxc7 Qxc7 32. Bd8 Qc8 33. Kh2 Ra8 34. Bb6 Qe6 35. Bc5 Rc8 36.
c4 h6 37. Be3 Qe7 38. Qg4 Rc6 39. gxh6 Rxh6 40. Qc8+ Qf8 41. Qxf8+ Kxf8
0-1

[Event "Politiken Cup"]
[Site "Espergaerde"]
[Date "1992.??.??"]
[Round "6"]
[White "Fries Nielsen, Niels Jorgen"]
[Black "Hector, Jonny"]
[Result "0-1"]
[WhiteElo "2390"]
[BlackElo "2535"]

1. e4 e5 2. Nf3 Nc6 3. d4 exd4 4. Nxd4 Qf6 5. Nxc6 Bc5 6. Qe2 bxc6 7.
Nd2 Ne7 8. Qf3 Qxf3 9. Nxf3 d6 10. Bd3 Bg4 11. h3 Bxf3 12. gxf3 f5 13.
Bg5 fxe4 14. fxe4 Ng6 15. f4 Be3 16. Rf1 h6 17. f5 hxg5 18. fxg6 Bf4
19. Rf3 Rb8 20. b3 Ke7 21. Ke2 Kf6 22. Rg1 Rh6 23. Rg4 Rbh8 24. Rfxf4+
gxf4 25. Rxf4+ Ke6 26. e5 Rxh3 27. Rf7 Rh2+ 28. Kd1 Kxe5 29. Kc1 Kd4
30. Kb2 R8h3 31. Ka3 Kc5 32. Rxc7 Kb6 33. Rxg7 Rg3 34. Rg8 Rhg2 35.
Rb8+ Kc7 36. Rb4 Rg4 37. Be4 Re2 38. Bf3 Rxb4 39. Bxe2 Rb8 40. Bc4 d5
41. Bd3 Kd6 42. Kb2 c5 43. Kc3 Rb4 44. Bf5 Rf4 45. Bd3 Ke5 46. Bb5 Rf8
47. Kb2 Rg8 48. Bd3 Kd4 49. Bf5 Re8 50. Bd7 Re7 51. Bf5 Ke5 52. Bd3 Rb7
53. Kc3 Rb4 54. Be2 Kf6 55. Bf3 Rd4 56. a3 Kxg6 57. b4 Kf6 58. bxc5
Rc4+ 59. Kb3 Ke5 60. Be2 Rxc5 0-1

[Event "Politiken Cup"]
[Site "Espergaerde"]
[Date "1992.??.??"]
[Round "7"]
[White "Hansen, Lars Bo"]
[Black "Danielsen, Henrik"]
[Result "1/2-1/2"]
[WhiteElo "2530"]
[BlackElo "2415"]

1. d4 Nf6 2. c4 e6 3. g3 d5 4. Nf3 Be7 5. Bg2 O-O 6. O-O Nbd7 7. Qc2 c6
8. Nbd2 b6 9. b3 Bb7 10. e4 Rc8 11. Bb2 c5 12. exd5 exd5 13. Rad1 dxc4
14. Nxc4 b5 15. Nce5 cxd4 16. Qe2 Nxe5 17. Nxe5 Bxg2 18. Kxg2 Qd5+ 19.
Nf3 Qb7 20. Bxd4 Rfe8 21. Bxf6 1/2-1/2

[Event "Politiken Cup"]
[Site "Espergaerde"]
[Date "1992.??.??"]
[Round "7"]
[White "Borge, Nikolaj"]
[Black "Berg, Klaus"]
[Result "1-0"]
[WhiteElo "2425"]
[BlackElo "2405"]

1. e4 c6 2. d4 d5 3. e5 Bf5 4. Nc3 Qb6 5. Bd3 Qxd4 6. Nf3 Qg4 7. h3 Qh5
8. O-O Bxd3 9. cxd3 Qf5 10. Re1 Qc8 11. e6 fxe6 12. Nd4 Na6 13. Qf3 Nf6
14. g4 h6 15. Bf4 g5 16. Bd6 Kf7 17. Rxe6 Qxe6 18. Nxe6 exd6 19. Re1
Nc5 20. Qf5 Re8 21. Nxg5+ hxg5 22. Rxe8 Kxe8 23. Qxf6 Rxh3 24. Qg6+ Kd7
25. Qxg5 Rxd3 26. Qf5+ Ke7 27. Qh7+ Kd8 28. Qf7 Nd7 29. g5 Rd4 30. f3
Rh4 31. Ne2 d4 32. Nf4 Rxf4 33. Qxf4 Bg7 34. Qf7 Bh8 35. Qg8+ 1-0

[Event "Politiken Cup"]
[Site "Espergaerde"]
[Date "1992.??.??"]
[Round "7"]
[White "Sahl, Bjarke"]
[Black "Malaniuk, Vladimir"]
[Result "0-1"]
[WhiteElo "2370"]
[BlackElo "2540"]

1. e4 d6 2. d4 Nf6 3. Nc3 e5 4. Nge2 c6 5. dxe5 dxe5 6. Qxd8+ Kxd8 7.
f3 Be6 8. Bd2 Nbd7 9. Nc1 Kc7 10. a4 a5 11. Nd1 Ne8 12. Ne3 Bc5 13. Nc4
Bb4 14. c3 Be7 15. Nb3 Nd6 16. Nxd6 Bxd6 17. Nc1 Nc5 18. Be3 Rhd8 19.
Be2 g6 20. Bg5 Re8 21. Nd3 Nb3 22. Rd1 f5 23. Be3 Bd7 24. O-O f4 25.
Bf2 c5 26. Nc1 Bxa4 27. Bc4 Nxc1 28. Rxc1 Bc6 29. Rfd1 b5 30. Bf7 Re7
31. Bd5 c4 32. Bxc6 Kxc6 33. Rd5 a4 34. Rcd1 Re6 35. Kf1 g5 36. h4 gxh4
37. Bxh4 Bc5 38. g3 a3 39. bxa3 Rxa3 40. gxf4 Rxc3 41. f5 Rh6 42. Rxc5+
Kxc5 43. Be7+ Kc6 44. Kg2 Rd3 45. Ra1 Rd2+ 46. Kg3 Rhh2 47. Rg1 c3 48.
f6 c2 49. f7 c1=Q 50. Rxc1+ Kd7 51. Rc7+ Kxc7 52. Kg4 Rdg2+ 53. Kf5 Rf2
54. Kxe5 Rxf3 55. Bf6 Rxf6 56. Kxf6 Rf2+ 57. Ke7 b4 0-1